000 00706nam a22002297a 4500
003 UA-OsUOA
001 130457
007 ta
008 20180502b un ||||| |||| 00| 0 ukr d
100 _aЧебаненко І.
090 _a821.161.2
_bЧ-34
942 _cBK
040 _aUA-OsUOA
_bukr
_cUA-OsUOA
_dUA-OsUOA
245 _aВірші-послання політикам та народам воскреслої України (1991 - 1997 роки)
_bзбірка віршів
300 _a80 с.
955 _a3
041 _aukr
080 _a821.161.2
260 _aК.
_bВіпол
_c1997
650 7 _a82 Література. Літературознавство
_2UDC
999 _c418480
_d418480